Letters from a father to his sons in college /

Bibliographic Details
Main Author: Miller, Samuel, 1769-1850
Format: Book
Language:English
Published: Philadelphia : Presbyterian Board of Publication, [1852]
Subjects:

MARC

Tag First Indicator Second Indicator Subfields
LEADER 00000cam a2200000 4500
001 in00000665609
005 20151015083202.0
008 800924r1852 miu a 00010 eng d
035 |a (OCoLC)06747936 
035 |9 ACY0133AM 
040 |a EEU  |c TXA  |d UtOrBLW 
049 |a TXAI 
090 |a BJ1671  |b .M7 1843 
099 |a film  |a B  |a 1512  |a reel  |a 288.4 
100 1 |a Miller, Samuel,  |d 1769-1850. 
245 1 0 |a Letters from a father to his sons in college /  |c By Samuel Miller. 
264 1 |a Philadelphia :  |b Presbyterian Board of Publication,  |c [1852] 
264 4 |c [©1852] 
300 |a 240 pages ;  |c 19 cm. 
336 |a text  |b txt  |2 rdacontent 
337 |a microform  |b h  |2 rdamedia 
338 |a microfilm reel  |b hd  |2 rdacarrier 
500 |a Microfilm. Ann Arbor, Mich., University Microfilms [n.d.] (American culture series, Reel 288.4) 
500 |a Microform. 
650 0 |a College students  |x Conduct of life. 
999 |a MARS 
999 f f |s 4173acf6-7e61-34e1-8bfd-0f221eae4f76  |i cca34507-17dc-34c9-a32f-cff9d5a28acb  |t 0 
952 f f |p default  |a Texas A&M University  |b College Station  |c Sterling C. Evans Library  |d Evans: Microforms (3rd floor)  |t 0  |e film B 1512 reel 288.4  |h Other scheme  |i microform -- microfilm reel 
998 f f |a film B 1512 reel 288.4  |t 0  |l Evans: Microforms (3rd floor)